| 000 | 00915cam a22002651 4500 | ||
|---|---|---|---|
| 001 | gs 50000058 | ||
| 003 | DLC | ||
| 005 | 20260227111356.0 | ||
| 008 | 760811s1949 aluab 000 0 eng | ||
| 010 | _ags 50000058 | ||
| 035 | _a(OCoLC)2365545 | ||
| 040 |
_aDLC _cOAU _dOCoLC _dDLC |
||
| 042 | _apremarc | ||
| 050 | 0 | 0 |
_aGB1025.A2 _bA55 1949 |
| 082 | _a551.48 | ||
| 110 | 2 | _aGeological Survey (U.S.) | |
| 245 | 0 | 0 |
_aWater resources and hydrology of southeastern Alabama. _cPrepared by the U.S. Geological Survey in cooperation with the Geological Survey of Alabama. |
| 260 |
_aUniversity, _c1949. |
||
| 300 |
_a xi, 265 p. _billus., 2 fold. maps (in pocket) _c23 cm. |
||
| 490 | 1 | _aAlabama. Geological Survey. Special report 20 | |
| 504 | _aBibliography: p. 265. | ||
| 650 | 0 |
_aWater-supply _zAlabama. |
|
| 650 | 0 |
_aGroundwater _zAlabama. |
|
| 810 | 2 |
_aGeological Survey of Alabama. _tSpecial report ; _v20. |
|
| 999 |
_c28439 _d28439 |
||